The singing donkey (Record no. 101592)

MARC details
000 -LEADER
fixed length control field 00701nam a2200253 i 4500
001 - CONTROL NUMBER
control field C2-0297209
003 - CONTROL NUMBER IDENTIFIER
control field PPAK
005 - DATE AND TIME OF LATEST TRANSACTION
control field 20180728075444.0
008 - FIXED-LENGTH DATA ELEMENTS--GENERAL INFORMATION
fixed length control field 090513s2008 my a|||| ||||| | eng d
020 ## - INTERNATIONAL STANDARD BOOK NUMBER
International Standard Book Number 9789833866595
040 ## - CATALOGING SOURCE
Original cataloging agency PPAK
Language of cataloging eng
Transcribing agency PPAK
Description conventions rda
082 04 - DEWEY DECIMAL CLASSIFICATION NUMBER
Classification number 398.2
Edition number 23
090 00 - LOCALLY ASSIGNED LC-TYPE CALL NUMBER (OCLC); LOCAL CALL NUMBER (RLIN)
Classification number (OCLC) (R) ; Classification number, CALL (RLIN) (NR) 398.2
Feature heading SIN
Feature heading K
245 04 - TITLE STATEMENT
Title The singing donkey
264 #1 - PRODUCTION, PUBLICATION, DISTRIBUTION, MANUFACTURE, AND COPYRIGHT NOTICE
Place of production, publication, distribution, manufacture Batu Caves, Selangor :
Name of producer, publisher, distributor, manufacturer Education Matters ,
Date of production, publication, distribution, manufacture, or copyright notice 2008
300 ## - PHYSICAL DESCRIPTION
Extent [10] pages :
Other physical details colour illustrations ;
Dimensions 26 cm.
336 ## - CONTENT TYPE
Source rdacontent
Content type term text
337 ## - MEDIA TYPE
Source rdamedia
Media type term unmediated
338 ## - CARRIER TYPE
Source rdacarrier
Carrier type term volume
490 1# - SERIES STATEMENT
Series statement Wisdom tales for children
650 10 - SUBJECT ADDED ENTRY--TOPICAL TERM
Topical term or geographic name entry element Tales
830 #0 - SERIES ADDED ENTRY--UNIFORM TITLE
Uniform title Wisdom tales for children
942 ## - ADDED ENTRY ELEMENTS (KOHA)
-- dc
Koha item type Book
Holdings
Withdrawn Not for loan Current library Shelving location Date acquired Total Checkouts Full call number Barcode Date last seen Date last checked out Koha item type
    Perpustakaan Alor Setar Pinjaman Kanak-kanak 24/05/2009 3 K 398.2 SIN A01288615 26/05/2019 05/05/2019 Book
    Perpustakaan Awam Sungai Petani Pinjaman Kanak-kanak 24/05/2009 4 K 398.2 SIN A01288616 08/04/2023 27/03/2023 Book
    Perpustakaan Baling Pinjaman Kanak-kanak 24/05/2009   K 398.2 SIN A01288619 09/05/2018   Book
    Perpustakaan Jitra Pinjaman Kanak-kanak 24/05/2009   K 398.2 SIN A01288617 09/05/2018   Book
    Perpustakaan Kulim Pinjaman Kanak-kanak 24/05/2009 2 K 398.2 SIN A01288618 28/09/2020 21/09/2020 Book
    Perpustakaan Merbok Pinjaman Kanak-kanak 24/05/2009 1 K 398.2 SIN A01288620 01/01/2022 04/12/2021 Book